000 00298nam a2200121Ia 4500
999 _c18893
_d18893
082 _aTS.0872
100 _aSoni, Jyoti
245 0 _aRajnandgaon riyasat me mazdoor andolan: Ek atihasik anusilan 1919-1947
250 _aPt. Ravi Shankar Shu
260 _c1996
300 _a252p.
942 _cBK
_2ddc